000 02628nam a22003497a 4500
005 20110314103254.0
010 _aENG-102116 B-456487-494
020 _a9788184840742
_c980.00
035 _aEN-85649 B-456487-494
037 _bDBAD / PUB
037 _bAllied Pub/Ven
082 _a344.54014
245 _aWomen in unorganised sector :
_cedited by K. Uma Devi , V. Sowbhagya Rani [and] G. Indira Priyadarsini
_bquest for social justice /
260 _aNew Delhi
_bRegal Publications
_c2010
270 _aF-159, Rajouri Garden
_bNew Delhi
_e110 027
_k011-45546396
_mregalbookspub@yahoo.com
300 _axiv, 244 p.
_c24 cm (Hb)
500 _aincludes bibliographical references and index
700 _aUma Devi, K.
_926525
700 _aSowbhagya Rani, V.
_926526
700 _aIndira Priyadarsini, G.
_926527
942 _adpl
_cEN
_2ddc
_h344.54014
_mWOM
999 _c51039
_d51039